Océanographie biologique et biologie marine

Gorde:
Xehetasun bibliografikoak
Egile nagusia: Peres, J. M (Egilea)
Formatua: Liburua
Hizkuntza:frantsesa
Argitaratua: París Presses Universitaires de France 1961
Saila:Collection Euclide
Gaiak:
Etiketak: Etiketa erantsi
Etiketarik gabe, Izan zaitez lehena erregistro honi etiketa jartzen!

MARC

LEADER 00000nam a2200000 a 4500
001 UCV5114
003 CL-VaPUC
008 920611e19610000FR |||||||||||||||||fre|d
082 0 4 |a 577.7  |b PER  |2 21 
100 0 |a Peres, J. M  |e author  |9 299381 
245 1 0 |a Océanographie biologique et biologie marine 
300 |a 2 v 
942 |c BK 
945 |d 19920611 00:00:00 
260 |a París  |b Presses Universitaires de France  |c 1961 
650 0 |a Biología marina  |9 259965 
650 0 |a Oceanografía  |9 260014 
583 |a last modification  |c 19920611 00:00:00  |k Rodrigo Vera 
490 0 |a Collection Euclide 
999 |c 211708  |d 211706